<?xml version="1.0" encoding="UTF-8"?>
<record
    xmlns:xsi="http://www.w3.org/2001/XMLSchema-instance"
    xsi:schemaLocation="http://www.loc.gov/MARC21/slim http://www.loc.gov/standards/marcxml/schema/MARC21slim.xsd"
    xmlns="http://www.loc.gov/MARC21/slim">

  <leader>03285nam a2200361 i 4500</leader>
  <controlfield tag="003">CSPC</controlfield>
  <controlfield tag="005">20250904110551.0</controlfield>
  <controlfield tag="008">250903s2024    ph a     b    000 0 eng d</controlfield>
  <datafield tag="040" ind1=" " ind2=" ">
    <subfield code="a">CSPC</subfield>
    <subfield code="b">eng</subfield>
    <subfield code="c">CSPC</subfield>
    <subfield code="e">rda</subfield>
  </datafield>
  <datafield tag="090" ind1=" " ind2=" ">
    <subfield code="a">UTH BSOA Sa596a</subfield>
  </datafield>
  <datafield tag="100" ind1="1" ind2=" ">
    <subfield code="a">Santos, Jhon Patrick C.,</subfield>
    <subfield code="e">author.</subfield>
  </datafield>
  <datafield tag="245" ind1="1" ind2="4">
    <subfield code="a">The assessment of critical thinking and administrative skills of the Bachelor of Science in Office Administration in CSPC Buhi Campus / </subfield>
    <subfield code="c">Jhon Patrick C. Santos, Ma. Edessa S. Sarmiento, Kem Jay C. Sarto, Jovelyn C. Siocson, Marivel B. Udtujan, Ma. Arajean C. Valenzuela.</subfield>
  </datafield>
  <datafield tag="260" ind1=" " ind2=" ">
    <subfield code="a">Buhi, Camarines Sur :</subfield>
    <subfield code="b">Camarines Sur Polytechnic Colleges,</subfield>
    <subfield code="c">2024.</subfield>
  </datafield>
  <datafield tag="300" ind1=" " ind2=" ">
    <subfield code="a">95 leaves :</subfield>
  </datafield>
  <datafield tag="336" ind1=" " ind2=" ">
    <subfield code="2">rdacontent</subfield>
    <subfield code="a">text</subfield>
  </datafield>
  <datafield tag="337" ind1=" " ind2=" ">
    <subfield code="2">rdamedia</subfield>
    <subfield code="a">unmediated</subfield>
  </datafield>
  <datafield tag="338" ind1=" " ind2=" ">
    <subfield code="2">rdacarrier</subfield>
    <subfield code="a">volume</subfield>
  </datafield>
  <datafield tag="502" ind1=" " ind2=" ">
    <subfield code="a">Undergraduate Thesis (BSOA) - Office Administration</subfield>
    <subfield code="c">Camarines Sur Polytechnic Colleges, 2024.</subfield>
  </datafield>
  <datafield tag="504" ind1=" " ind2=" ">
    <subfield code="a">Includes bibliographical references. </subfield>
  </datafield>
  <datafield tag="520" ind1=" " ind2=" ">
    <subfield code="a">The Commission on Higher Education (CHED) implements competency based standards and outcome based education for Bachelor of Science in Office Administration (BSOA). this competencies are crucial for the students for their future professionals roles and success within their field. This paper assessed the proficiency level of the BSOA students in critical thinking and administrative skills as well as the factors hindering the attainment of the students competency development, and the proposed enhancement program to fully develop their critical thinking and aministrative skills for their future professional roles. One hundred sixty-two (162) 3rd year students enrolled in the Bachelor of Science in  Office Administration at Camarines Sur Polytechnic Colleges-Buhi Campus, are chosen as the respondents of the study. The Descriptive Design was used to attain the objectives. The instrument used in this study was CHED sample performance indicator for BSOA and research-made survey questionnaire for data collection, and interpreted using frequency count, percentage technique and weighted mean. The findings revealed that majority of the 3rd year students are highly proficient in critical thinking and administrative skills, Specifically, in decision making based on logic, facts, and actively seek input from relevant parties when addressing professional issues. Based on the findings, it was recommend that students be persuade to enhance and develop their core competencies to maintain their great performance within the field. In addition the researchers designed an enhancement program for the development of the students competency to make them more prepared for their future professional roles.</subfield>
    <subfield code="b"> </subfield>
  </datafield>
  <datafield tag="700" ind1="1" ind2=" ">
    <subfield code="a">Santos, Jhon Patrick C.,</subfield>
    <subfield code="e">author.</subfield>
  </datafield>
  <datafield tag="700" ind1="1" ind2=" ">
    <subfield code="a">Sarmiento, Ma. Edessa S.,</subfield>
    <subfield code="e">author.</subfield>
  </datafield>
  <datafield tag="700" ind1="1" ind2=" ">
    <subfield code="a">Sarto, kem Jay C.,</subfield>
    <subfield code="e">author.</subfield>
  </datafield>
  <datafield tag="700" ind1="1" ind2=" ">
    <subfield code="a">Siocson, Jovelyn C.,</subfield>
    <subfield code="e">author.</subfield>
  </datafield>
  <datafield tag="700" ind1="1" ind2=" ">
    <subfield code="a">Udtujan, Marivel B.,</subfield>
    <subfield code="e">author.</subfield>
  </datafield>
  <datafield tag="700" ind1="1" ind2=" ">
    <subfield code="a">Valenzuela, Ma. Arajean C.,</subfield>
    <subfield code="e">author.</subfield>
  </datafield>
  <datafield tag="720" ind1="1" ind2=" ">
    <subfield code="a">Ta&#xF1;amor, Ma. Bernadette O.,</subfield>
    <subfield code="e">adviser.</subfield>
  </datafield>
  <datafield tag="720" ind1="1" ind2=" ">
    <subfield code="a">Sagala, Marimin N.,</subfield>
    <subfield code="e">panelist, chair.</subfield>
  </datafield>
  <datafield tag="720" ind1="1" ind2=" ">
    <subfield code="a">Oliveros, Josefin N.,</subfield>
    <subfield code="e">panelist, chair.</subfield>
  </datafield>
  <datafield tag="720" ind1="1" ind2=" ">
    <subfield code="a">Luzon, Ni&#xF1;o Jeffrey L.,</subfield>
    <subfield code="e">panelist, member</subfield>
  </datafield>
  <datafield tag="942" ind1=" " ind2=" ">
    <subfield code="2">ddc</subfield>
    <subfield code="n">0</subfield>
    <subfield code="c">UM</subfield>
    <subfield code="h">Sa596a</subfield>
    <subfield code="i">BSOA</subfield>
    <subfield code="k">UTH</subfield>
    <subfield code="m">2024</subfield>
  </datafield>
  <datafield tag="952" ind1=" " ind2=" ">
    <subfield code="0">0</subfield>
    <subfield code="1">0</subfield>
    <subfield code="2">ddc</subfield>
    <subfield code="4">0</subfield>
    <subfield code="7">1</subfield>
    <subfield code="a">BUHI</subfield>
    <subfield code="b">BUHI</subfield>
    <subfield code="c">UTH</subfield>
    <subfield code="d">2025-09-03</subfield>
    <subfield code="l">0</subfield>
    <subfield code="o">UTH BSOA Sa596a 2024</subfield>
    <subfield code="p">00232UM-BUH</subfield>
    <subfield code="r">2025-09-03 00:00:00</subfield>
    <subfield code="t">1-1</subfield>
    <subfield code="w">2025-09-03</subfield>
    <subfield code="y">UM</subfield>
  </datafield>
  <datafield tag="999" ind1=" " ind2=" ">
    <subfield code="c">30295</subfield>
    <subfield code="d">30295</subfield>
  </datafield>
</record>
